| 000 | 01124nac a22003131i 4500 | ||
|---|---|---|---|
| 003 | EG-ScBUE | ||
| 005 | 20240605103240.0 | ||
| 008 | 240605s1950 ru c f 000 0aeng d | ||
| 040 |
_aEG-ScBUE _beng _erda _cEG-ScBUE _dEG-ScBUE |
||
| 041 | 1 |
_aeng _hslo |
|
| 082 | 0 | 4 |
_a928.917 _bGOR _222 |
| 100 | 1 |
_aGorky, Maksim, _d1868-1936, _eauthor. |
|
| 240 | 1 | 0 |
_aDetstvo. _lEnglish |
| 245 | 1 | 0 |
_aChildhood / _bM. Gorky ; translated from the Russian by Margaret Wettlin. |
| 250 | _aFourth impression. | ||
| 264 | 1 |
_aMoscow : _bFroeign Languages Publishing House, _c1950. |
|
| 300 |
_a422 pages : _bportraits ; _c17 cm. |
||
| 336 |
_2rdacontent _atext _btxt |
||
| 337 |
_aunmediated _2rdamedia _bn |
||
| 338 |
_avolume _bnc _2rdacarrier |
||
| 490 | 0 | _aLibrary of selected Soviet literature | |
| 546 | _aText in English ; translated from the original Slovak. | ||
| 600 | 1 | 7 |
_aGorky, Maksim, _d1868-1936 _xChildhood and youth. _2BUEsh |
| 651 | 7 |
_aRussia _xSocial life and customs. _2BUEsh |
|
| 655 | _vReading book | ||
| 700 | 1 |
_aWettlin, Margaret, _etranslator. |
|
| 942 |
_cBB _2ddc |
||
| 999 |
_c2973 _d2973 |
||